00385nam a2200121 a 45000010005000000030005000050050017000100080041000270400026000681000020000942450126001142600023002406029CDMR20130220142516.0130220s2011||||||||||||||||||||||||||||d aCDMRbcatcCPC GIRONA1 aTolosa, Lluís10aGuia d'enoturisme de l'Empordàb136 llocs per gaudir del turisme del vi i més de 200 vins recomanatscTolosa, Lluís bLTA edicionsc2011